BSOP header

The riddles : (Record no. 6287)

MARC details
000 -LEADER
fixed length control field 00629nam a2200217 4500
008 - FIXED-LENGTH DATA ELEMENTS--GENERAL INFORMATION
fixed length control field 020605s1994 ph engQU
020 ## - INTERNATIONAL STANDARD BOOK NUMBER
International Standard Book Number 9715420354
245 10 - TITLE STATEMENT
Title The riddles :
Remainder of title Philippine folk literature /
Statement of responsibility, etc compiled and edited by Damiana Eugenio.
260 ## - PUBLICATION, DISTRIBUTION, ETC. (IMPRINT)
Place of publication, distribution, etc Quezon City :
Name of publisher, distributor, etc UP Press,
Date of publication, distribution, etc c1994.
300 ## - PHYSICAL DESCRIPTION
Extent 840 p. ;
Dimensions 25 cm.
336 ## - CONTENT TYPE
Content Type Term text
337 ## - MEDIA TYPE
Media Type Term unmediated
338 ## - CARRIER TYPE
Carrier Type Term volume
490 1# - SERIES STATEMENT
Series statement Philippine folk literature series;
Volume number/sequential designation 5
505 0# - FORMATTED CONTENTS NOTE
Formatted contents note vol. V.
650 #4 - SUBJECT ADDED ENTRY--TOPICAL TERM
Topical term or geographic name as entry element Folk literature, Philippine.
650 #4 - SUBJECT ADDED ENTRY--TOPICAL TERM
Topical term or geographic name as entry element Riddles, Philippine.
650 #4 - SUBJECT ADDED ENTRY--TOPICAL TERM
Topical term or geographic name as entry element Riddles.
700 1# - ADDED ENTRY--PERSONAL NAME
Personal name Eugenio, Damiana
942 ## - ADDED ENTRY ELEMENTS (KOHA)
Source of classification or shelving scheme Library of Congress Classification
Item type Books
Holdings
Withdrawn status Lost status Source of classification or shelving scheme Materials specified (bound volume or other part) Damaged status Not for loan Home library Current library Shelving location Date acquired Inventory number Total Checkouts Full call number Barcode Date last seen Price effective from Koha item type
    Library of Congress Classification v.5     BSOP Library BSOP Library Filipiniana 12/21/2000 16003   GR325 R43 v.5 00016353 02/23/2013 02/23/2013 Books
BSOP

Biblical Seminary of the Philippines
  All rights Reserved
  © 2024

CONTACT INFORMATION

Biblical Seminary of the Philippines,
  77-B Karuhatan Road, Valenzuela City,
  PHILIPPINES 1441
  Phone: +632 8292-6795 / 8292-6798
  Fax : +632 8292-6675
  Email: library@bsop.edu.ph